Allah Transcendent (Record no. 9710)

MARC details
000 -LEADER
fixed length control field 00658nam a2200253 a 4500
020 ## - INTERNATIONAL STANDARD BOOK NUMBER
ISBN 0700773
082 00 - DEWEY DECIMAL CLASSIFICATION NUMBER
Classification number 297.211
Author Cutter NET
100 ## - MAIN ENTRY--AUTHOR NAME
Author name Netton, Ian Richard
245 ## - TITLE STATEMENT
Title Allah Transcendent
Sub title Studies in the Structure and Semiotics of Islamic Philo
260 ## - PUBLICATION, DISTRIBUTION, ETC. (IMPRINT)
Place of publication London
Name of publisher Curzon Press
Year of publication 1994
300 ## - PHYSICAL DESCRIPTION
Number of Pages 383p
500 ## - GENERAL NOTE
General note includes index and biblioraphy
505 2# - FORMATTED CONTENTS NOTE
Formatted contents note index
650 ## - SUBJECT ADDED ENTRY--TOPICAL TERM
Topical Term Allah
650 ## - SUBJECT ADDED ENTRY--TOPICAL TERM
Topical Term God-Islam
942 ## - ADDED ENTRY ELEMENTS (KOHA)
Koha item type Books
700 1# -
-- Netton, Ian Richard
Holdings
Home library Current library Date acquired Cost, normal purchase price Full call number Accession Number Koha item type
Henry Martyn Institute Library Henry Martyn Institute Library 07/13/2007 949.50 297.211 NET 016835 E-Books
                   Copyright © 2026 | Henry Martyn Institute | Hyderabad | TS-500052 | INDIA | Implemented by hmi.edu.in
Hit-Count:

Powered by Koha